|
|
|
|
| LEADER |
01767cas a2200253 a 4500 |
| 001 |
AALejournalIMF005306 |
| 008 |
230101c9999 xx r poo 0 0eng d |
| 020 |
|
|
|c 5.00 USD
|
| 020 |
|
|
|z 9781451870848
|
| 022 |
|
|
|a 1018-5941
|
| 040 |
|
|
|a BD-DhAAL
|c BD-DhAAL
|
| 100 |
1 |
|
|a Terrones, Marco.
|
| 245 |
1 |
3 |
|a An Anatomy of Credit Booms :
|b Evidence From Macro Aggregates and Micro Data /
|c Marco Terrones, Enrique Mendoza.
|
| 264 |
|
1 |
|a Washington, D.C. :
|b International Monetary Fund,
|c 2008.
|
| 300 |
|
|
|a 1 online resource (50 pages)
|
| 490 |
1 |
|
|a IMF Working Papers
|
| 500 |
|
|
|a <strong>Off-Campus Access:</strong> No User ID or Password Required
|
| 500 |
|
|
|a <strong>On-Campus Access:</strong> No User ID or Password Required
|
| 506 |
|
|
|a Electronic access restricted to authorized BRAC University faculty, staff and students
|
| 520 |
3 |
|
|a We study the characteristics of credit booms in emerging and industrial economies. Macro data show a systematic relationship between credit booms and economic expansions, rising asset prices, real appreciations and widening external deficits. Micro data show a strong association between credit booms and leverage ratios, firm values, and banking fragility. We also find that credit booms are larger in emerging economies, particularly in the nontradables sector; most emerging markets crises are associated with credit booms; and credit booms in emerging economies are often preceded by large capital inflows but not by financial reforms or productivity gains.
|
| 538 |
|
|
|a Mode of access: Internet
|
| 700 |
1 |
|
|a Mendoza, Enrique.
|
| 830 |
|
0 |
|a IMF Working Papers; Working Paper ;
|v No. 2008/226
|
| 856 |
4 |
0 |
|z Full text available on IMF
|u http://elibrary.imf.org/view/journals/001/2008/226/001.2008.issue-226-en.xml
|z IMF e-Library
|